A way with words : (Record no. 12854)
[ view plain ]
| 000 -LEADER | |
|---|---|
| fixed length control field | 01370cam a22003737a 4500 |
| 003 - CONTROL NUMBER IDENTIFIER | |
| control field | EG-ScBUE |
| 005 - DATE AND TIME OF LATEST TRANSACTION | |
| control field | 20191218115015.0 |
| 006 - FIXED-LENGTH DATA ELEMENTS--ADDITIONAL MATERIAL CHARACTERISTICS--GENERAL INFORMATION | |
| fixed length control field | m||||fq||h 00| 0 |
| 008 - FIXED-LENGTH DATA ELEMENTS--GENERAL INFORMATION | |
| fixed length control field | 091102t2009 xxu||||fr|||| 00| 0 eng d |
| 020 ## - INTERNATIONAL STANDARD BOOK NUMBER | |
| International Standard Book Number | 9780521477758 |
| 020 ## - INTERNATIONAL STANDARD BOOK NUMBER | |
| International Standard Book Number | 9780521477765 |
| 040 ## - CATALOGING SOURCE | |
| Original cataloging agency | EG-ScBUE |
| Language of cataloging | eng |
| Description conventions | rda |
| Transcribing agency | EG-ScBUE |
| Modifying agency | EG-ScBUE |
| 082 04 - DEWEY DECIMAL CLASSIFICATION NUMBER | |
| Classification number | 428 |
| Item number | RED |
| Edition number | 22 |
| 100 1# - MAIN ENTRY--PERSONAL NAME | |
| Personal name | Redman, Stuart, |
| Relator term | author. |
| 9 (RLIN) | 29151 |
| 245 12 - TITLE STATEMENT | |
| Title | A way with words : |
| Remainder of title | resource pack. |
| Number of part/section of a work | 1, |
| Name of part/section of a work | Vocabulary activities, lower intermediate to intermediate / |
| Statement of responsibility, etc | Stuart Redman, Robert Ellis, Brigit Viney ; advisory editor Michael McCarthy. |
| 246 30 - VARYING FORM OF TITLE | |
| Title proper/short title | Vocabulary activities, lower intermediate to intermediate |
| 250 ## - EDITION STATEMENT | |
| Edition statement | Tenth printing. |
| 264 #1 - PUBLICATION, DISTRIBUTION, ETC. (IMPRINT) | |
| Place of publication, distribution, etc | Cambridge, UK : |
| Name of publisher, distributor, etc | Cambridge University Press, |
| Date of publication, distribution, etc | 2009. |
| 300 ## - PHYSICAL DESCRIPTION | |
| Extent | vi, 89 pages : |
| Other physical details | illustrations, forms ; |
| Dimensions | 30 cm + |
| Accompanying material | 1 audio cassette |
| 336 ## - CONTENT TYPE | |
| Source | rdacontent |
| Content type term | text |
| Content type code | txt |
| 336 ## - CONTENT TYPE | |
| Source | rdacontent |
| Content type term | sounds |
| Content type code | snd |
| 337 ## - MEDIA TYPE | |
| Source | rdamedia |
| Media type term | unmediated |
| Media type code | n |
| 337 ## - MEDIA TYPE | |
| Source | rdamedia |
| Media type term | audio |
| Media type code | s |
| 338 ## - CARRIER TYPE | |
| Source | rdacarrier |
| Carrier type term | volume |
| Carrier type code | nc |
| 338 ## - CARRIER TYPE | |
| Source | rdacarrier |
| Carrier type term | computer disc |
| Carrier type code | cd |
| 490 0# - SERIES STATEMENT | |
| Series statement | Cambridge copy collection |
| 590 ## - LOCAL NOTE (RLIN) | |
| Local note | Marwa Ashraf |
| 650 #7 - SUBJECT ADDED ENTRY--TOPICAL TERM | |
| 9 (RLIN) | 7764 |
| Topical term or geographic name as entry element | Vocabulary |
| General subdivision | Study and teaching. |
| Source of heading or term | BUEsh |
| 653 ## - INDEX TERM--UNCONTROLLED | |
| Resource For college | Humanities: English |
| Arrived date list | July2019 |
| 655 ## - INDEX TERM--GENRE/FORM | |
| Form subdivision | Reading book |
| 700 1# - ADDED ENTRY--PERSONAL NAME | |
| Personal name | Ellis, Robert, |
| Relator term | author. |
| 700 1# - ADDED ENTRY--PERSONAL NAME | |
| Personal name | Viney, Brigit, |
| Relator term | author. |
| 942 ## - ADDED ENTRY ELEMENTS (KOHA) | |
| Source of classification or shelving scheme | Dewey Decimal Classification |
| Koha item type | NB - Book (Non borrowing) |
| Withdrawn status | Lost status | Source of classification or shelving scheme | Damaged status | Not for loan | Collection code | Home library | Current library | Shelving location | Date acquired | Total Checkouts | Full call number | Barcode | Date last seen | Koha item type | Checked out | Date checked out | Total Renewals |
|---|---|---|---|---|---|---|---|---|---|---|---|---|---|---|---|---|---|
| Dewey Decimal Classification | Baccah | Central Library | Central Library | Second Floor | 02/11/2009 | 428 RED | 000018578 | 15/07/2025 | NB - Book (Non borrowing) | ||||||||
| Dewey Decimal Classification | Baccah | Central Library | Central Library | Second Floor | 02/11/2009 | 428 RED | 000018577 | 15/07/2025 | Book - Borrowing | ||||||||
| Dewey Decimal Classification | Baccah | Central Library | Central Library | Second Floor | 02/11/2009 | 428 RED | 000018576 | 15/07/2025 | Book - Borrowing | ||||||||
| Dewey Decimal Classification | Baccah | Central Library | Central Library | Second Floor | 02/11/2009 | 428 RED | 000018574 | 11/06/2024 | Book - Borrowing | ||||||||
| Dewey Decimal Classification | Baccah | Central Library | Central Library | Second Floor | 02/11/2009 | 428 RED | 000018573 | 15/07/2025 | Book - Borrowing | ||||||||
| Dewey Decimal Classification | Baccah | Central Library | Central Library | Second Floor | 02/11/2009 | 1 | 428 RED | 000018572 | 14/02/2010 | Book - Borrowing | 01/03/2010 | 14/02/2010 | |||||
| Dewey Decimal Classification | Baccah | Central Library | Central Library | Second Floor | 02/11/2009 | 428 RED | 000018571 | 15/07/2025 | Book - Borrowing | ||||||||
| Dewey Decimal Classification | Baccah | Central Library | Central Library | Second Floor | 02/11/2009 | 4 | 428 RED | 000018570 | 15/07/2025 | Book - Borrowing | 21/10/2023 | 4 | |||||
| Dewey Decimal Classification | Baccah | Central Library | Central Library | Second Floor | 02/11/2009 | 1 | 428 RED | 000018569 | 15/07/2025 | Book - Borrowing | 28/02/2010 | 2 | |||||
| Dewey Decimal Classification | Baccah | Central Library | Central Library | Second Floor | 02/11/2009 | 428 RED | 000018568 | 15/07/2025 | Book - Borrowing |